[Event "HUN-chT2 Charousek 0304"]
[Site "Hungary"]
[Date "2004.03.21"]
[Round "9"]
[White "Dudas, Janos"]
[Black "Istvandi, Lajos"]
[Result "0-1"]
[WhiteElo "2355"]
[BlackElo "2215"]
[PlyCount "78"]
[EventDate "2003.09.28"]
[EventType "team"]
[EventRounds "11"]
[EventCountry "HUN"]
[SourceTitle "EXT 2005"]
[Source "ChessBase"]
[SourceDate "2004.11.15"]
[SourceVersion "1"]
[SourceVersionDate "2004.11.15"]
[SourceQuality "1"]

1. d4 Nf6 2. c4 d6 3. Nc3 Nbd7 4. Nf3 e5 5. g3 Be7 6. Bg2 0-0 7. 0-0 c6 8. b3 Re8 9. Qc2 Qa5 10. h3 exd4 11. Nxd4 Nf8 12. e4 Ng6 13. Be3 Bd7 14. a3 Rad8 15. b4 Qa6 16. b5 Qa5 17. Qb3 Rc8 18. Rfc1 Ne5 19. Bf1 Bd8 20. f4 Ng6 21. Bg2 Bb6 22. Bf2 h5 23. Qb2 h4 24. Nb3 Bxf2+ 25. Qxf2 hxg3 26. Qxg3 Qb6+ 27. c5 dxc5 28. Na4 Qc7 29. Naxc5 Nxf4 30. Qf3 Nxg2 31. Qxg2 cxb5 32. Rf1 Nxe4 33. Nxe4 Rxe4 34. Qxe4 Qg3+ 35. Qg2 Qxb3 36. Qxb7 Bxh3 37. Rf3 Qe6 38. Rg3 Qe5 39. Kh2 Rc2+ 0-1